LEADER 01070cam0-2200361---450 001 990004703620403321 005 20180618111925.0 035 $a000470362 035 $aFED01000470362 035 $a(Aleph)000470362FED01 035 $a000470362 100 $a19990604d1963----km-y0itay50------ba 101 0 $aita 102 $aIT 105 $ay-------001yy 200 1 $a<>genesi del metodo del Lachmann$fSebastiano Timpanaro 210 $aFirenze$cFelice Le Monnier$d1963 215 $a143 p.$d19 cm 225 1 $aBibliotechina del Saggiatore$v18 610 0 $aLachmann, Karl 610 0 $aFilologia classica$aStudi$aSec. 19. 676 $a480.092 676 $a880 700 1$aTimpanaro,$bSebastiano$f<1923-2000>$0289849 801 0$aIT$bUNINA$gRICA$2UNIMARC 901 $aBK 912 $a990004703620403321 952 $aP2B-160-TIMPANARO S.-1963$b64565 R. Bibl.$fFLFBC 952 $aP2B-160-TIMPANAROS.-1963 BIS$bIst. Fil.Cl.4658$fNAP03 959 $aFLFBC 959 $aNAP03 996 $aGenesi del metodo del Lachmann$923960 997 $aUNINA LEADER 02558oam 2200625I 450 001 9910451552703321 005 20200520144314.0 010 $a1-135-29927-7 010 $a1-280-14605-2 010 $a0-203-98950-3 024 7 $a10.4324/9780203989500 035 $a(CKB)1000000000334752 035 $a(EBL)235207 035 $a(OCoLC)475942788 035 $a(SSID)ssj0000160762 035 $a(PQKBManifestationID)11154076 035 $a(PQKBTitleCode)TC0000160762 035 $a(PQKBWorkID)10190537 035 $a(PQKB)11130428 035 $a(MiAaPQ)EBC235207 035 $a(Au-PeEL)EBL235207 035 $a(CaPaEBR)ebr10093526 035 $a(CaONFJC)MIL14605 035 $a(OCoLC)437148821 035 $a(OCoLC)76898534 035 $a(EXLCZ)991000000000334752 100 $a20180706d1997 uy 0 101 0 $aeng 135 $aur|n|---||||| 181 $ctxt 182 $cc 183 $acr 200 10$aGardzienice $ePolish theatre in transition /$fPaul Allain 210 1$aAmsterdam :$cHarwood Academic Publishers,$d1997. 215 $a1 online resource (176 p.) 225 1 $aContemporary theatre studies ;$vv. 22 300 $aDescription based upon print version of record. 311 $a90-5702-105-6 311 $a90-5702-106-4 320 $aIncludes bibliographical references (p. [155]-159) and index. 327 $aPreliminaries; CONTENTS; Introduction to the Series; List of Plates; Acknowledgements; Introduction; 1 Polish Theatre Romanticism Fades; 2 The Rural Context and Gardzienice Village; 3 Polish Society The Art of Gathering; 4 The Formation of Gardzienice From Grotowski and Paratheatre; 5 Training; 6 Performances; 7 European Parallels Future Models; 8 An Intercultural Assessment; 9 Searching for a New Language; Conclusion; Postscript; Appendix Polishing up on the Classics; Notes; Bibliography; Index; 330 $aThis is one of the first detailed attempts to assess developments in Polish experimental theatres since 1989. The author questions whether those artists can maintain their vision in the face of Poland's economic difficulties and increased 410 0$aContemporary theatre studies ;$vv. 22. 517 3 $aPolish theatre in transition 606 $aTheater$zPoland$y20th century 608 $aElectronic books. 615 0$aTheater 676 $a792.09438 700 $aAllain$b Paul.$0947946 801 0$bFlBoTFG 801 1$bFlBoTFG 906 $aBOOK 912 $a9910451552703321 996 $aGardzienice$92142678 997 $aUNINA LEADER 04331nam 22005895 450 001 9910349560203321 005 20260409202830.0 010 $a3-030-18005-0 024 7 $a10.1007/978-3-030-18005-8 035 $a(CKB)4100000008742948 035 $a(MiAaPQ)EBC5838921 035 $a(DE-He213)978-3-030-18005-8 035 $a(PPN)238491633 035 $a(EXLCZ)994100000008742948 100 $a20190723d2019 u| 0 101 0 $aeng 135 $aurcnu|||||||| 181 $ctxt$2rdacontent 182 $cc$2rdamedia 183 $acr$2rdacarrier 200 10$aAcademic Pain Medicine $eA Practical Guide to Rotations, Fellowship, and Beyond /$fedited by Yury Khelemsky, Anuj Malhotra, Karina Gritsenko 205 $a1st ed. 2019. 210 1$aCham :$cSpringer International Publishing :$cImprint: Springer,$d2019. 215 $a1 online resource (376 pages) 311 08$a3-030-18004-2 327 $aAnatomy and Physiology: Mechanisms of Nociceptive Transmission -- Pharmacology of Pain Transmission and Modulation -- Development of Pain Systems -- Designing, Reporting, and Interpreting Clinical Research Studies about Treatments for Pain: Evidence-Based Medicine -- Animal Models of Pain and Ethics of Animal Experimentation -- Ethical Standards in Pain Management and Research -- Assessment and Psychology of Pain -- Placebo and Pain -- Clinical Nerve Function Studies and Imaging -- Epidemiology -- Psychosocial and Cultural Aspects of Pain -- Sex and Gender Issues in Pain -- Treatment of Pain: Pharmacokinetics, pharmacodynamics, adverse effects, drug interactions, and indications/contraindications -- Psychological Treatments -- Psychiatric Treatment -- Stimulation-Produced Analgesia -- Interventional Pain Management -- Surgical Pain Management -- Physical Medicine and Rehabilitation -- Taxonomy of Pain Systems -- Acute Pain -- Cancer Pain -- Cervical Radicular Pain -- Neck Pain -- Lumbar Radicular Pain -- Low Back Pain -- Musculoskeletal Pain -- Muscle and Myofascial Pain. 330 $aThis comprehensive text is the definitive academic pain medicine resource for medical students, residents and fellows. Acting as both an introduction and continued reference for various levels of training, this guide provides practitioners with up-to-date academic standards. In order to comprehensively meet the need for such a contemporary text?treatment options, types of pain management, and variables affecting specific conditions are thoroughly examined across 48 chapters. Categories of pain conditions include orofacial, neuropathic, visceral, neck, acute, muscle and myofascial, chronic urogenital and pelvic, acute, and regional. Written by renowned experts in the field, each chapter is supplemented with high-quality color figures, tables and images that provide the reader with a fully immersive educational experience. Academic Pain Medicine: A Practical Guide to Rotations, Fellowship, and Beyond is an unprecedented contribution to the literature that addresses the wide-spread requisite for a practical guide to pain medicine within the academic environment. 606 $aPain medicine 606 $aAnesthesiology 606 $aNeurology 606 $aMedicine$xPractice 606 $aPain Medicine$3https://scigraph.springernature.com/ontologies/product-market-codes/H47003 606 $aAnesthesiology$3https://scigraph.springernature.com/ontologies/product-market-codes/H13001 606 $aNeurology$3https://scigraph.springernature.com/ontologies/product-market-codes/H36001 606 $aPractice and Hospital Management$3https://scigraph.springernature.com/ontologies/product-market-codes/H68000 615 0$aPain medicine. 615 0$aAnesthesiology. 615 0$aNeurology. 615 0$aMedicine$xPractice. 615 14$aPain Medicine. 615 24$aAnesthesiology. 615 24$aNeurology. 615 24$aPractice and Hospital Management. 676 $a616.0472 676 $a616.0472 702 $aKhelemsky$b Yury$4edt$4http://id.loc.gov/vocabulary/relators/edt 702 $aMalhotra$b Anuj$4edt$4http://id.loc.gov/vocabulary/relators/edt 702 $aGritsenko$b Karina$4edt$4http://id.loc.gov/vocabulary/relators/edt 906 $aBOOK 912 $a9910349560203321 996 $aAcademic Pain Medicine$91734614 997 $aUNINA